000
00478nam a2200133Ia 4500
008
100328s9999 xx 000 0 und d
082
_b
66470
100
_a
मथुरे सुरेस.
245
_a
आपले भारतीय शास्त्रज्ञ.
260
_b
माुराज.
630
_a
आपले भारतीय शास्त्रज्ञ.
730
_a
आपले भारतीय शास्त्रज्ञ.
942
_c
BOOK
999
_c
552209
_d
552206